000 01033cam a2200313 i 4500
001 20051902
003 OSt
005 20240724151842.0
008 171010s2019 maua b 001 0 eng
010 _a 2017048422
020 _a9780134773650
040 _aDLC
_beng
_cDLC
_erda
_dDLC
042 _apcc
050 0 0 _aQA76.9.D3
_bH63 2020
100 1 _aHoffer, Jeffrey A.,
245 1 0 _aModern database management /
_cJeffrey A. Hoffer
250 _a13th ed.
264 1 _aBoston :
_bPearson Education,
_c2020
300 _axxxv, 552 p.
336 _atext
_btxt
_2rdacontent
337 _aunmediated
_bn
_2rdamedia
338 _avolume
_bnc
_2rdacarrier
650 0 _aDatabase management.
700 1 _aRamesh, V.
_q(Venkataraman),
_eauthor.
700 1 _aTopi, Heikki,
_eauthor.
906 _a7
_bcbc
_corignew
_d1
_eecip
_f20
_gy-gencatlg
942 _2lcc
_cBK
999 _c20504
_d20503